[Event "EYg18, Budva YUG"]
[Site "?"]
[Date "2003.??.??"]
[Round "5"]
[White "Doibani, L."]
[Black "Detelic, M."]
[Result "1/2-1/2"]
[WhiteElo "2050"]
[BlackElo "1920"]
[PlyCount "128"]
[EventDate "2003.??.??"]

1. e4 e6 2. d4 d5 3. Nc3 dxe4 4. Nxe4 Nd7 5. Nf3 Ngf6 6. Nxf6+ Nxf6 7. Ne5 Be7
8. c3 O-O 9. Bd3 c5 10. Be3 Qc7 11. O-O b6 12. Ng4 Nxg4 13. Qxg4 g6 14. dxc5
Bxc5 15. Bg5 Be7 16. Bh6 Rd8 17. Rad1 Bb7 18. h4 Rd5 19. Bf4 Bd6 20. Bg5 Be7
21. Bf4 Bd6 22. Bxd6 Rxd6 23. h5 Kg7 24. h6+ Kg8 25. Qf4 Qe7 26. Bc4 Rad8 27.
Rde1 Bc8 28. Re3 Kf8 29. Rf3 Rd1 30. Qe5 Rxf1+ 31. Bxf1 f6 32. Rxf6+ Kg8 33.
Bc4 Rd1+ 34. Kh2 Qd6 35. Bxe6+ Bxe6 36. Rxe6 Qxe5+ 37. Rxe5 Kf7 38. Re2 Rd5 39.
g4 g5 40. Kg3 Rd6 41. Re5 Kg6 42. Re7 a6 43. Ra7 b5 44. Kf3 Re6 45. Rd7 Kxh6
46. b3 Rc6 47. c4 bxc4 48. bxc4 Kg6 49. c5 Rxc5 50. Rd6+ Kf7 51. Rxa6 Rc2 52.
a4 Rc4 53. a5 Ra4 54. Ra8 Kg7 55. a6 Kf7 56. a7 Kg7 57. Ke3 Ra1 58. Ke4 Ra4+
59. Kf5 Ra5+ 60. Ke6 Ra6+ 61. Kd7 Ra1 62. Ke6 Ra6+ 63. Kd5 Ra5+ 64. Kc6 Ra1
1/2-1/2

[Event "EYg18, Budva YUG"]
[Site "?"]
[Date "2003.??.??"]
[Round "5"]
[White "Haecker, S."]
[Black "Bednikova, S."]
[Result "1/2-1/2"]
[WhiteElo "1985"]
[BlackElo "2170"]
[PlyCount "143"]
[EventDate "2003.??.??"]

1. e4 e6 2. d4 c5 3. Nf3 cxd4 4. Nxd4 Nf6 5. Nc3 a6 6. Be3 Bb4 7. f3 d5 8. e5
Nfd7 9. f4 Nc5 10. a3 Bxc3+ 11. bxc3 Ne4 12. Qd3 Nd7 13. Nb3 b5 14. a4 bxa4 15.
Rxa4 g5 16. fxg5 Nxe5 17. Qd4 f6 18. gxf6 Qxf6 19. Be2 O-O 20. Rf1 Qh4+ 21. Bf2
Qxh2 22. Nd2 Nxf2 23. Rxf2 Qg1+ 24. Rf1 Rxf1+ 25. Bxf1 Qxd4 26. cxd4 Ng4 27.
Nb3 Ne3 28. c3 Rb8 29. Nd2 Nxf1 30. Kxf1 Bd7 31. Ra1 Rb2 32. Ke2 Bb5+ 33. Ke3
Kf7 34. g4 h6 35. Nf3 Re2+ 36. Kf4 Re4+ 37. Kg3 Re3 38. Ra3 Kf6 39. Kf4 Re2 40.
Ne5 Rb2 41. Ke3 Kg5 42. Kf3 Rd2 43. Nf7+ Kf6 44. Ne5 Be2+ 45. Kf4 Rb2 46. Nd7+
Ke7 47. Ne5 Rb7 48. Ra2 Bb5 49. Ra3 Kf6 50. Ra2 Ra7 51. Ra5 Ra8 52. Kg3 Rg8 53.
Kf4 Rh8 54. Ra2 Rf8 55. Kg3 Kg7 56. Nf3 Bc4 57. Ra1 Rb8 58. Nd2 Bd3 59. Ra3 Rc8
60. Nf3 a5 61. Ne5 Be4 62. Rxa5 Rxc3+ 63. Kf4 Rc7 64. Ra6 Kf6 65. Rb6 Rg7 66.
Rb8 Re7 67. Rb6 Bg6 68. Nc6 Ra7 69. Ne5 Re7 70. Nc6 Re8 71. Ne5 Be4 72. Rb7
1/2-1/2

[Event "EYg18, Budva YUG"]
[Site "?"]
[Date "2003.??.??"]
[Round "5"]
[White "Partington, A."]
[Black "Costantini, L."]
[Result "0-1"]
[WhiteElo "2065"]
[BlackElo "2075"]
[PlyCount "54"]
[EventDate "2003.??.??"]

1. d4 Nf6 2. Nf3 c5 3. d5 e6 4. Nc3 exd5 5. Nxd5 Nxd5 6. Qxd5 Be7 7. g3 O-O 8.
Bg2 d6 9. O-O Nc6 10. Bf4 Be6 11. Qd2 h6 12. Rfd1 Qb6 13. c3 d5 14. Ne5 Bf6 15.
Nxc6 bxc6 16. e4 Rfd8 17. Qc2 Rac8 18. e5 Be7 19. Qd2 d4 20. Be4 g5 21. Bxg5
hxg5 22. h4 dxc3 23. Qxc3 Rxd1+ 24. Rxd1 Rd8 25. Rxd8+ Qxd8 26. hxg5 Qd1+ 27.
Kg2 Bd5 0-1

[Event "EYg18, Budva YUG"]
[Site "?"]
[Date "2003.??.??"]
[Round "5"]
[White "Ciobanu, C."]
[Black "Verot, M."]
[Result "1-0"]
[WhiteElo "2250"]
[BlackElo "2095"]
[PlyCount "93"]
[EventDate "2003.??.??"]

1. e4 c5 2. Nf3 e6 3. d3 Nc6 4. g3 g6 5. Bg2 Bg7 6. O-O Nge7 7. c3 O-O 8. d4 d6
9. Be3 b6 10. Qd2 Ba6 11. Re1 e5 12. d5 Na5 13. Na3 b5 14. Bf1 Nc4 15. Nxc4
bxc4 16. Qc2 Qb6 17. Nd2 f5 18. f3 f4 19. Bf2 Rab8 20. Rab1 fxg3 21. hxg3 Bh6
22. Be3 Kg7 23. Bxh6+ Kxh6 24. Kg2 Qa5 25. a3 Qd8 26. Bxc4 Bc8 27. b4 cxb4 28.
axb4 Bd7 29. Ra1 Qc7 30. Ra5 Nc8 31. Rea1 g5 32. Be2 Kg7 33. Qc1 h6 34. Nf1 Qd8
35. Ne3 Qf6 36. Qe1 Qg6 37. Bd3 g4 38. fxg4 Bxg4 39. Nf5+ Kh8 40. Qe3 Rf6 41.
Rh1 h5 42. Be2 Nb6 43. Bxg4 Qxg4 44. Qf3 Qxf3+ 45. Kxf3 Kg8 46. Rxa7 Nxd5 47.
Rxh5 1-0

[Event "EYg18, Budva YUG"]
[Site "?"]
[Date "2003.??.??"]
[Round "5"]
[White "Gregorova, Z."]
[Black "Seps, M."]
[Result "0-1"]
[WhiteElo "2195"]
[BlackElo "2075"]
[PlyCount "60"]
[EventDate "2003.??.??"]

1. e4 c5 2. Nf3 d6 3. c3 g6 4. Be2 Bg7 5. O-O Nf6 6. d3 O-O 7. Nbd2 Nc6 8. Re1
b6 9. Bf1 Bb7 10. g3 Rc8 11. Bg2 Qc7 12. Qc2 b5 13. Nh4 e5 14. Nf1 b4 15. f4 c4
16. dxc4 bxc3 17. bxc3 Na5 18. Ne3 exf4 19. gxf4 Rfe8 20. Bd2 Qc5 21. Kh1 Bxe4
22. Bxe4 Nxe4 23. Nf3 Nxc4 24. Nxc4 Qxc4 25. Ne5 Nf2+ 26. Kg2 dxe5 27. Kxf2 e4
28. Rad1 Bd4+ 29. Be3 Bxc3 30. Re2 Be1+ 0-1

[Event "EYg18, Budva YUG"]
[Site "?"]
[Date "2003.??.??"]
[Round "5"]
[White "Meshcheriakova, E."]
[Black "Mijovic, A."]
[Result "0-1"]
[WhiteElo "2255"]
[BlackElo "2085"]
[PlyCount "116"]
[EventDate "2003.??.??"]

1. e4 c5 2. Nf3 e6 3. Nc3 d6 4. d4 cxd4 5. Nxd4 Nf6 6. Bc4 a6 7. a4 Nc6 8. O-O
Be7 9. Kh1 O-O 10. f4 Qc7 11. Ba2 Bd7 12. Be3 Na5 13. Qe2 Rac8 14. Rae1 Nc4 15.
Bc1 Qc5 16. Nf3 Qb4 17. Bb3 Na5 18. Bd2 Qb6 19. Be3 Qc7 20. Nd4 Nxb3 21. Nxb3
Bc6 22. Bc1 d5 23. e5 Ne4 24. Nxe4 dxe4 25. Nd4 Bxa4 26. Qxe4 Bc6 27. Nxc6 Qxc6
28. Qxc6 Rxc6 29. Rd1 Rxc2 30. Rd7 Rfc8 31. Rxe7 Rxc1 32. Re8+ Rxe8 33. Rxc1 g5
34. g3 gxf4 35. gxf4 Rd8 36. Rc2 Rd4 37. Rf2 Kg7 38. Kg1 b5 39. b3 a5 40. Rg2+
Kh6 41. Ra2 a4 42. bxa4 bxa4 43. Rf2 Rb4 44. Kg2 a3 45. Kg3 Rb3+ 46. Kg4 Rb2
47. Rf3 a2 48. Ra3 Rxh2 49. Ra8 Rg2+ 50. Kf3 Rb2 51. Kg4 Kg7 52. Ra7 Kg6 53.
Ra8 h5+ 54. Kh4 Kf5 55. Ra4 Re2 56. Kg3 Re3+ 57. Kh4 Re4 58. Rxa2 Rxf4+ 0-1

[Event "EYg18, Budva YUG"]
[Site "?"]
[Date "2003.??.??"]
[Round "5"]
[White "Pogonina, N."]
[Black "Korbut, E."]
[Result "1-0"]
[WhiteElo "2340"]
[BlackElo "2315"]
[PlyCount "97"]
[EventDate "2003.??.??"]

1. e4 c5 2. Nf3 d6 3. d4 cxd4 4. Nxd4 Nf6 5. Nc3 a6 6. Be2 e5 7. Nb3 Be7 8. Be3
Be6 9. Nd5 Nxd5 10. exd5 Bf5 11. Qd2 O-O 12. O-O a5 13. a4 Nd7 14. f4 exf4 15.
Bxf4 Bg6 16. Kh1 Re8 17. Bb5 Qc7 18. Rae1 b6 19. Bc6 Bh4 20. Rc1 Nf6 21. Bxa8
Ne4 22. Qd4 Rxa8 23. Nd2 Re8 24. Qc4 Qd7 25. Qc6 Qxc6 26. dxc6 Nxd2 27. Bxd2
Rc8 28. Rf3 Kf8 29. Rb3 Rxc6 30. Rc3 Rxc3 31. Bxc3 Bg5 32. Rd1 Ke7 33. Re1+ Kd7
34. Re2 Bh5 35. Rf2 f6 36. Bd2 Bxd2 37. Rxd2 Bg6 38. c3 Be4 39. Kg1 Kc6 40. Kf2
d5 41. b4 b5 42. axb5+ Kxb5 43. bxa5 Kxa5 44. Rb2 h5 45. Ke3 Ka4 46. Rb4+ Ka3
47. Rxe4 dxe4 48. Kxe4 Kb3 49. Kd4 1-0

[Event "EYg18, Budva YUG"]
[Site "?"]
[Date "2003.??.??"]
[Round "5"]
[White "Motoc, A."]
[Black "Bashkite, V."]
[Result "1-0"]
[WhiteElo "2385"]
[BlackElo "2115"]
[PlyCount "89"]
[EventDate "2003.??.??"]

1. d4 d5 2. c4 e6 3. Nf3 c6 4. Nc3 dxc4 5. a4 Bb4 6. Bd2 a5 7. e3 b5 8. axb5
Bxc3 9. Bxc3 cxb5 10. b3 Bb7 11. bxc4 b4 12. Bb2 Nf6 13. Bd3 O-O 14. O-O Nbd7
15. Re1 Re8 16. Qc2 Qc7 17. e4 e5 18. c5 exd4 19. Bxd4 h6 20. e5 Ng4 21. Bh7+
Kh8 22. Be4 Bxe4 23. Qxe4 Ngf6 24. Qf5 Ng8 25. Qxf7 Re7 26. Qf5 Rf8 27. Qc2 Nb8
28. Nh4 Re6 29. Ng6+ Rxg6 30. Qxg6 Nc6 31. Bb2 Nge7 32. Qd6 Qa7 33. e6 Rf5 34.
Be5 a4 35. f4 a3 36. Re3 Kh7 37. g4 Rf8 38. Qd3+ Kg8 39. Bd6 Rd8 40. Kg2 Qb7
41. Kg3 Na5 42. Qe4 Qa7 43. Bxe7 b3 44. Bxd8 b2 45. e7 1-0

[Event "EYg18, Budva YUG"]
[Site "?"]
[Date "2003.??.??"]
[Round "6"]
[White "Mijovic, A."]
[Black "Worek, J."]
[Result "1-0"]
[WhiteElo "2085"]
[BlackElo "2240"]
[PlyCount "107"]
[EventDate "2003.??.??"]

1. e4 c5 2. Nf3 d6 3. d4 cxd4 4. Nxd4 Nf6 5. Nc3 a6 6. Be3 e5 7. Nb3 Be7 8. f3
O-O 9. Qd2 Be6 10. O-O-O a5 11. Bb5 Nbd7 12. Qf2 Rc8 13. Kb1 Rxc3 14. bxc3 d5
15. exd5 Nxd5 16. Rd3 Nxe3 17. Qxe3 Qc7 18. Re1 Nc5 19. Nxc5 Bxc5 20. Qc1 Be7
21. g4 h6 22. Qb2 a4 23. Bxa4 Ra8 24. Qb5 Bh4 25. Rxe5 Bf6 26. Rxe6 fxe6 27.
Bb3 Kh8 28. Bxe6 Bxc3 29. g5 Qe5 30. Qxe5 Bxe5 31. gxh6 gxh6 32. h3 Ra6 33. Bb3
Rg6 34. Kc1 b6 35. c3 Rg2 36. Be6 Kg7 37. a4 Kf6 38. Bd7 Rh2 39. Kd1 Ra2 40.
Rd2 Ra1+ 41. Kc2 Ra2+ 42. Kd3 Ra1 43. Kc4 Rc1 44. Rd3 h5 45. Kb5 Rb1+ 46. Ka6
Rb3 47. Bb5 Rxc3 48. Rxc3 Bxc3 49. Kxb6 Bd4+ 50. Ka6 Kg5 51. Be8 h4 52. Bd7 Kf6
53. a5 Ke5 54. Kb7 1-0

[Event "EYg18, Budva YUG"]
[Site "?"]
[Date "2003.??.??"]
[Round "6"]
[White "Korbut, E."]
[Black "Motoc, A."]
[Result "1-0"]
[WhiteElo "2315"]
[BlackElo "2385"]
[PlyCount "73"]
[EventDate "2003.??.??"]

1. e4 c5 2. Nf3 d6 3. d4 cxd4 4. Nxd4 Nf6 5. Nc3 a6 6. Bc4 e6 7. O-O Nc6 8. a4
Qc7 9. Be3 Na5 10. Ba2 b6 11. Qe2 Bb7 12. Rad1 Rc8 13. Bg5 Nc4 14. Bxf6 gxf6
15. Nd5 exd5 16. exd5+ Be7 17. Rfe1 Bxd5 18. Qh5 Qb7 19. Nf5 Be4 20. Nxe7 Qxe7
21. f3 f5 22. fxe4 Ne5 23. Bb3 Rg8 24. Qxf5 Rc5 25. Rd5 Rg5 26. Qf2 Ng4 27. Qf4
Rcxd5 28. Bxd5 Rxd5 29. Qxg4 Rd2 30. c3 Rxb2 31. e5 d5 32. e6 Kf8 33. h3 fxe6
34. Rf1+ Ke8 35. Qg8+ Kd7 36. Rf7 Rb3 37. Qxh7 1-0

[Event "EYg18, Budva YUG"]
[Site "?"]
[Date "2003.??.??"]
[Round "6"]
[White "Vozovic, O."]
[Black "Ciobanu, C."]
[Result "1/2-1/2"]
[WhiteElo "2360"]
[BlackElo "2250"]
[PlyCount "78"]
[EventDate "2003.??.??"]

1. e4 c5 2. Nf3 Nc6 3. d4 cxd4 4. Nxd4 Nf6 5. Nc3 d6 6. Be2 e5 7. Nb3 Be7 8.
O-O O-O 9. Kh1 a5 10. a4 Nb4 11. f4 Be6 12. Be3 Rc8 13. Bf3 Re8 14. Rf2 exf4
15. Bxf4 Nd7 16. Nd4 Ne5 17. Nxe6 fxe6 18. Bh5 g6 19. Bxe5 dxe5 20. Qxd8 Rcxd8
21. Bg4 Bc5 22. Re2 h5 23. Bf3 Rd7 24. Nb5 Red8 25. g4 h4 26. Rae1 h3 27. g5
Rd1 28. Nc3 Rxe1+ 29. Rxe1 Nxc2 30. Rd1 Rf8 31. Bg4 Nd4 32. Bxh3 Rf2 33. Rc1
Nf3 34. Bg2 Be3 35. Rf1 Rxf1+ 36. Bxf1 Bxg5 37. Nb5 Be7 38. Kg2 Nd4 39. Nxd4
exd4 1/2-1/2

[Event "EYg18, Budva YUG"]
[Site "?"]
[Date "2003.??.??"]
[Round "6"]
[White "Kadziolka, B."]
[Black "Hasanova, E."]
[Result "0-1"]
[WhiteElo "2255"]
[BlackElo "2210"]
[PlyCount "68"]
[EventDate "2003.??.??"]

1. d4 Nf6 2. c4 c5 3. d5 b5 4. cxb5 a6 5. Nc3 axb5 6. e4 Qa5 7. Bxb5 Nxe4 8.
Nge2 g6 9. O-O Nxc3 10. Nxc3 Bg7 11. a4 O-O 12. Bg5 f6 13. Be3 d6 14. Re1 Nd7
15. h3 Qb4 16. Qe2 Nb6 17. Rad1 Ra7 18. Na2 Qh4 19. Nc3 f5 20. f4 Bd7 21. Bxd7
Nxd7 22. Qc2 Rb7 23. Nb5 Nf6 24. b4 cxb4 25. Nd4 Ne4 26. Ne6 Bc3 27. Nxf8 b3
28. Qe2 Bxe1 29. Qc4 Bf2+ 30. Bxf2 Qxf2+ 31. Kh2 Qxf4+ 32. Kg1 Qf2+ 33. Kh2 Qc2
34. Qd4 Qc3 0-1

[Event "EYg18, Budva YUG"]
[Site "?"]
[Date "2003.??.??"]
[Round "6"]
[White "Gutsko, A."]
[Black "Muhren, B."]
[Result "1-0"]
[WhiteElo "2180"]
[BlackElo "2110"]
[PlyCount "81"]
[EventDate "2003.??.??"]

1. e4 c5 2. c3 d5 3. exd5 Qxd5 4. d4 Nf6 5. Nf3 e6 6. Be3 cxd4 7. cxd4 Bb4+ 8.
Nc3 O-O 9. a3 Bxc3+ 10. bxc3 b6 11. Bd3 Ba6 12. O-O Rc8 13. Bxa6 Nxa6 14. Rc1
Ne4 15. Qd3 Nac5 16. Qb1 Nd7 17. c4 Qb7 18. Rfd1 Ndf6 19. Ne5 Qa6 20. Qb4 Ne8
21. Qe7 Rc7 22. Nd7 N8d6 23. Nf6+ gxf6 24. Qxc7 Rc8 25. Qd7 Nxc4 26. d5 b5 27.
dxe6 Qxe6 28. Qxa7 Re8 29. Re1 Qc6 30. Bf4 Ra8 31. Qd4 Nc5 32. Bh6 Kh8 33. Rc3
Nd7 34. Rg3 Nce5 35. Bg7+ Kg8 36. Bxf6+ Ng6 37. Bg5 Ra4 38. Re8+ Ndf8 39. Qd8
Kg7 40. Rxf8 Nxf8 41. Bf6+ 1-0

[Event "EYg18, Budva YUG"]
[Site "?"]
[Date "2003.??.??"]
[Round "6"]
[White "Seps, M."]
[Black "Vasic, M."]
[Result "1/2-1/2"]
[WhiteElo "2075"]
[BlackElo "2175"]
[PlyCount "62"]
[EventDate "2003.??.??"]

1. e4 c5 2. Nf3 Nc6 3. d4 cxd4 4. Nxd4 e5 5. Nb3 Nf6 6. Bg5 Bb4+ 7. Nc3 Bxc3+
8. bxc3 h6 9. Bxf6 Qxf6 10. Bc4 d6 11. O-O O-O 12. Qd3 Ne7 13. Rfd1 Rd8 14.
Rab1 Ng6 15. g3 Bg4 16. Re1 Rac8 17. Nd2 Rc7 18. Rb3 Rdc8 19. Reb1 Rb8 20. a4
Bh3 21. Qe3 Rbc8 22. Bd5 b6 23. c4 Bd7 24. a5 bxa5 25. Rb7 Qg5 26. Qxa7 Rxb7
27. Rxb7 Qxd2 28. Rxd7 Nf4 29. gxf4 Qd1+ 30. Kg2 Qg4+ 31. Kf1 Qd1+ 1/2-1/2

[Event "EYg18, Budva YUG"]
[Site "?"]
[Date "2003.??.??"]
[Round "6"]
[White "Detelic, M."]
[Black "Meshcheriakova, E."]
[Result "1/2-1/2"]
[WhiteElo "1920"]
[BlackElo "2255"]
[PlyCount "63"]
[EventDate "2003.??.??"]

1. d4 e6 2. Nf3 c5 3. g3 Nf6 4. Bg2 Nc6 5. e3 Be7 6. O-O Qc7 7. b3 b6 8. Bb2
Bb7 9. c4 O-O 10. Nc3 Rad8 11. d5 Ne5 12. Nb5 Nxf3+ 13. Bxf3 Qb8 14. d6 Bxf3
15. Qxf3 Bxd6 16. Nxd6 Qxd6 17. Bxf6 gxf6 18. Qxf6 Qd3 19. Rfd1 Qg6 20. Qe5 d6
21. Rxd6 Rxd6 22. Qxd6 Qc2 23. Qd1 Qb2 24. Rb1 Qc3 25. Qc1 Qd3 26. Qd1 Qc3 27.
Qe2 Rd8 28. Rd1 Rxd1+ 29. Qxd1 Qb2 30. Qd8+ Kg7 31. Qg5+ Kf8 32. Qd8+ 1/2-1/2

[Event "EYg18, Budva YUG"]
[Site "?"]
[Date "2003.??.??"]
[Round "6"]
[White "Doibani, L."]
[Black "Haecker, S."]
[Result "1/2-1/2"]
[WhiteElo "2050"]
[BlackElo "1985"]
[PlyCount "53"]
[EventDate "2003.??.??"]

1. e4 c5 2. Nf3 d6 3. d4 cxd4 4. Nxd4 Nf6 5. Nc3 Nc6 6. Be2 e5 7. Nb3 Be7 8.
O-O O-O 9. Kh1 a5 10. a4 Nb4 11. f4 b6 12. Bf3 Bb7 13. Re1 Qc7 14. Qe2 Bc6 15.
f5 Qb7 16. Bg5 d5 17. exd5 Nfxd5 18. Bxe7 Nxe7 19. Bxc6 Nbxc6 20. f6 Ng6 21.
Ne4 Nd8 22. Qh5 Ne6 23. fxg7 Kxg7 24. Nd6 Qxg2+ 25. Kxg2 Ngf4+ 26. Kh1 Nxh5 27.
Nc4 1/2-1/2

[Event "EYg18, Budva YUG"]
[Site "?"]
[Date "2003.??.??"]
[Round "6"]
[White "Tuvic, N."]
[Black "Partington, A."]
[Result "1/2-1/2"]
[WhiteElo "2005"]
[BlackElo "2065"]
[PlyCount "60"]
[EventDate "2003.??.??"]

1. d4 f5 2. Bg5 g6 3. h4 Bg7 4. Nf3 d5 5. e3 Be6 6. Nc3 Nd7 7. Bd3 Ngf6 8. Ne2
Bf7 9. Ng3 c5 10. dxc5 Qa5+ 11. Qd2 Qxd2+ 12. Kxd2 Nxc5 13. Ne5 Nfe4+ 14. Nxe4
Nxe4+ 15. Bxe4 Bxe5 16. Bd3 Bd6 17. h5 O-O-O 18. Ke2 Be6 19. hxg6 hxg6 20. Rac1
a6 21. a4 Kd7 22. b4 Rc8 23. Rxh8 Rxh8 24. a5 Rh2 25. Kf3 d4 26. e4 Rh5 27. Bf4
fxe4+ 28. Bxe4 Bd5 29. Bxd5 Rxd5 30. Bxd6 Kxd6 1/2-1/2

[Event "EYg18, Budva YUG"]
[Site "?"]
[Date "2003.??.??"]
[Round "6"]
[White "Elek, M."]
[Black "Huisman, C."]
[Result "0-1"]
[WhiteElo "1975"]
[BlackElo "1995"]
[PlyCount "46"]
[EventDate "2003.??.??"]

1. e4 c5 2. d3 Nc6 3. Nc3 e6 4. g3 d5 5. Bg2 Nf6 6. f4 dxe4 7. Nxe4 Nxe4 8.
Bxe4 Qb6 9. Rb1 Be7 10. Be3 Qa5+ 11. c3 O-O 12. Ne2 Rd8 13. O-O f5 14. Bxc6
bxc6 15. Nc1 c4 16. Qe2 cxd3 17. Nxd3 Ba6 18. Rfd1 Qd5 19. Bd4 c5 20. Nb4 Bxe2
21. Nxd5 Rxd5 22. Re1 cxd4 23. Rxe2 Bc5 0-1

[Event "EYg18, Budva YUG"]
[Site "?"]
[Date "2003.??.??"]
[Round "7"]
[White "Pogonina, N."]
[Black "Hasanova, E."]
[Result "1-0"]
[WhiteElo "2340"]
[BlackElo "2210"]
[PlyCount "115"]
[EventDate "2003.??.??"]

1. e4 c5 2. Nf3 d6 3. d4 cxd4 4. Nxd4 Nf6 5. Nc3 a6 6. Be2 e5 7. Nb3 Be6 8. Be3
Nbd7 9. O-O Be7 10. f4 Rc8 11. Kh1 Qc7 12. a4 O-O 13. a5 Rfd8 14. f5 Bc4 15.
Bxc4 Qxc4 16. Qf3 Kh8 17. Rfd1 Nb8 18. Rd2 h6 19. Bb6 Re8 20. h3 Nh7 21. Be3
Nd7 22. Rdd1 Qc6 23. Nd2 Bg5 24. Bxg5 Nxg5 25. Qd3 Nf6 26. Ra4 Qc5 27. Nc4 Red8
28. Nb6 Rc6 29. Rd2 Ngh7 30. Qe2 Ng5 31. h4 Ngh7 32. Ncd5 Nxd5 33. exd5 Rxb6
34. axb6 Qxb6 35. c3 Nf6 36. Rb4 Qa7 37. g4 h5 38. gxh5 b5 39. Qf2 Qe7 40. Qe3
Nxh5 41. Rg4 Nf6 42. Rg1 Rg8 43. Qg5 Qb7 44. Qg2 Qc8 45. Qg5 Qc4 46. Kh2 a5 47.
Rdg2 Qe4 48. h5 Nh7 49. Qg4 Qe3 50. Qh4 Qh6 51. Rxg7 Rxg7 52. Qd8+ Nf8 53.
Qxf8+ Kh7 54. Rxg7+ Qxg7 55. Qxd6 f6 56. Qe6 Qg5 57. Qf7+ Kh8 58. Qe8+ 1-0

[Event "EYg18, Budva YUG"]
[Site "?"]
[Date "2003.??.??"]
[Round "7"]
[White "Mijovic, A."]
[Black "Korbut, E."]
[Result "0-1"]
[WhiteElo "2085"]
[BlackElo "2315"]
[PlyCount "92"]
[EventDate "2003.??.??"]

1. e4 c5 2. Nf3 d6 3. d4 cxd4 4. Nxd4 Nf6 5. Nc3 a6 6. Be3 e5 7. Nb3 Be6 8. f3
Nbd7 9. g4 b5 10. g5 b4 11. Ne2 Nh5 12. Qd2 a5 13. Ng3 Nxg3 14. hxg3 a4 15. Nc1
Qa5 16. f4 Nc5 17. Bg2 Rc8 18. O-O Qa8 19. Nd3 Nxe4 20. Qxb4 d5 21. Qe1 Rxc2
22. f5 Bd7 23. Nxe5 Bb5 24. Rf3 Bd6 25. Bd4 Rd2 26. Bc3 Re2 27. Qc1 Qa7+ 28.
Kh2 h5 29. Bd4 Qb8 30. Kg1 Bxe5 31. Bxe5 Qxe5 32. Qc8+ Ke7 33. f6+ gxf6 34.
gxf6+ Kd6 35. Qxh8 Rxg2+ 36. Kh1 Rh2+ 37. Kxh2 Qxb2+ 38. Kg1 Qxa1+ 39. Kh2
Qxa2+ 40. Kg1 Qb1+ 41. Kh2 Qc2+ 42. Kg1 Qd1+ 43. Kh2 Qe2+ 44. Kg1 Qxf3 45. Qb8+
Kc5 46. Qc7+ Kb4 0-1

[Event "EYg18, Budva YUG"]
[Site "?"]
[Date "2003.??.??"]
[Round "7"]
[White "Worek, J."]
[Black "Vozovic, O."]
[Result "0-1"]
[WhiteElo "2240"]
[BlackElo "2360"]
[PlyCount "100"]
[EventDate "2003.??.??"]

1. g3 g6 2. Bg2 Bg7 3. d4 c5 4. dxc5 Na6 5. Nf3 Nxc5 6. O-O Nf6 7. Nc3 O-O 8.
Nd4 d5 9. Nb3 Nxb3 10. axb3 e6 11. Be3 b6 12. Qd2 Bb7 13. Rfd1 Qe7 14. Bg5 Qc5
15. b4 Qc4 16. Bf1 Ne4 17. Nxe4 Qxe4 18. Bg2 Qc4 19. c3 a5 20. bxa5 bxa5 21.
Bf3 Rfc8 22. h4 a4 23. Bh6 Bf6 24. Bg5 Bg7 25. Bh6 Bh8 26. Ra3 Bc6 27. Qg5 Rab8
28. Rd2 Rb5 29. e4 d4 30. Qe7 Rb7 31. Qd6 Rd7 32. Qf4 e5 33. Qg4 Rcd8 34. cxd4
exd4 35. Bg5 h5 36. Qf4 Re8 37. Bg2 Be5 38. Qf3 Bg7 39. Qf4 Be5 40. Qf3 Bd6 41.
Bf1 Qc5 42. Bd3 f5 43. Bb1 Qc1+ 44. Rd1 Qxb2 45. Ba2+ Kh7 46. Bc1 Qb4 47. Qe2
Rxe4 48. Qc2 Re1+ 49. Kh2 Rxd1 50. Qxc6 Qb7 0-1

[Event "EYg18, Budva YUG"]
[Site "?"]
[Date "2003.??.??"]
[Round "7"]
[White "Ciobanu, C."]
[Black "Kadziolka, B."]
[Result "1/2-1/2"]
[WhiteElo "2250"]
[BlackElo "2255"]
[PlyCount "75"]
[EventDate "2003.??.??"]

1. e4 c5 2. Nc3 d6 3. f4 g6 4. Nf3 Bg7 5. Bc4 Nc6 6. O-O e6 7. f5 Nf6 8. d3 d5
9. exd5 exd5 10. Re1+ Kf8 11. Bb3 gxf5 12. Bf4 a6 13. a4 Be6 14. Qd2 d4 15.
Rxe6 dxc3 16. bxc3 fxe6 17. Ng5 Nd4 18. Bxe6 h6 19. Nf7 Nxe6 20. Nxd8 Rxd8 21.
Be5 Rd5 22. Qe2 Kf7 23. Rb1 Rd7 24. Qf3 Re8 25. Qxf5 Nf8 26. d4 Re6 27. dxc5
Rd5 28. Rxb7+ N8d7 29. g3 Rdxe5 30. Rxd7+ Kg8 31. Rd8+ Kf7 32. Qd3 Rxc5 33. Ra8
Rcc6 34. Ra7+ Kg8 35. Qg6 Ne8 36. Qf7+ Kh7 37. h4 Re1+ 38. Kf2 1/2-1/2

[Event "EYg18, Budva YUG"]
[Site "?"]
[Date "2003.??.??"]
[Round "7"]
[White "Motoc, A."]
[Black "Gutsko, A."]
[Result "1-0"]
[WhiteElo "2385"]
[BlackElo "2180"]
[PlyCount "55"]
[EventDate "2003.??.??"]

1. b3 Nf6 2. Bb2 e6 3. e3 Be7 4. f4 d5 5. Nf3 c5 6. Be2 Nc6 7. Bb5 O-O 8. Bxc6
bxc6 9. O-O Ba6 10. d3 c4 11. Ne5 Qb6 12. Rf3 cxd3 13. cxd3 Rfd8 14. Rh3 c5 15.
g4 g6 16. g5 Nd7 17. Qg4 d4 18. exd4 cxd4 19. Nd2 Rac8 20. Ne4 Nxe5 21. fxe5
Rc2 22. Ba3 Bxa3 23. Rxh7 Bb7 24. Qh4 Kf8 25. Rxf7+ Kxf7 26. Qh7+ Ke8 27. Nf6+
Kf8 28. Qg8+ 1-0

[Event "EYg18, Budva YUG"]
[Site "?"]
[Date "2003.??.??"]
[Round "7"]
[White "Papadopoulou, V."]
[Black "Seps, M."]
[Result "1/2-1/2"]
[WhiteElo "2210"]
[BlackElo "2075"]
[PlyCount "147"]
[EventDate "2003.??.??"]

1. d4 d5 2. Nf3 Nf6 3. c4 c6 4. e3 a6 5. Bd3 g6 6. O-O Bg7 7. Nbd2 O-O 8. b3
Bg4 9. Qc2 Nbd7 10. h3 Bxf3 11. Nxf3 c5 12. Bb2 Rc8 13. Qe2 e6 14. Rfd1 Qe7 15.
Rac1 cxd4 16. exd4 Rfe8 17. Re1 Qd6 18. c5 Qe7 19. b4 Nh5 20. Bb1 f5 21. a4
Ndf6 22. b5 axb5 23. axb5 Ne4 24. c6 Nf4 25. Qe3 Bh6 26. Qa3 bxc6 27. bxc6 Qd8
28. Rc2 Re7 29. Ne5 Rec7 30. Bc1 g5 31. Bxf4 gxf4 32. Qf3 Qh4 33. Rb2 Bg7 34.
g3 fxg3 35. fxg3 Qxh3 36. Bxe4 fxe4 37. Qe3 Bxe5 38. dxe5 Rg7 39. Rb3 h5 40.
Re2 Rxc6 41. Rf2 Rc8 42. Qh6 Ra8 43. Qc1 Kh7 44. Rh2 Rxg3+ 45. Kh1 Rxb3 46.
Rxh3 Rxh3+ 47. Kg2 Rf3 48. Qc7+ Kh8 49. Qe7 Rg8+ 50. Kh2 Rf4 51. Kh3 Rg6 52.
Qe8+ Kh7 53. Qd7+ Rg7 54. Qxe6 e3 55. Qxd5 Rgf7 56. Qd3+ Kg7 57. e6 Rf3+ 58.
Kg2 Rf2+ 59. Kg1 Rf1+ 60. Kg2 R7f2+ 61. Kh3 e2 62. Qd4+ Kg8 63. Qd8+ Kh7 64.
Qd3+ Kh6 65. Qe3+ Kg6 66. Qe4+ Kf6 67. Qd4+ Kxe6 68. Qe4+ Kf7 69. Qd5+ Kg6 70.
Qe6+ Rf6 71. Qxe2 R1f3+ 72. Kg2 h4 73. Qxf3 Rxf3 74. Kxf3 1/2-1/2

[Event "EYg18, Budva YUG"]
[Site "?"]
[Date "2003.??.??"]
[Round "7"]
[White "Vasic, M."]
[Black "Belko, I."]
[Result "1/2-1/2"]
[WhiteElo "2175"]
[BlackElo "2015"]
[PlyCount "100"]
[EventDate "2003.??.??"]

1. d4 d5 2. c4 e6 3. Nc3 Nf6 4. Nf3 Be7 5. Bg5 h6 6. Bh4 O-O 7. e3 b6 8. cxd5
Nxd5 9. Bxe7 Qxe7 10. Nxd5 exd5 11. Bd3 Nd7 12. O-O c5 13. Rc1 Bb7 14. Bb1 g6
15. a3 Rfd8 16. Ba2 Nf6 17. Qa4 Kg7 18. Rfe1 Qd6 19. dxc5 bxc5 20. Qb5 Rdc8 21.
b4 Qb6 22. Qa4 cxb4 23. axb4 Bc6 24. Qa5 Rab8 25. Nd4 Bd7 26. Rxc8 Bxc8 27.
Qxb6 Rxb6 28. Rb1 Ne4 29. Rb3 Ra6 30. f3 Rxa2 31. fxe4 dxe4 32. Rc3 Bf5 33. Rc7
Ra1+ 34. Kf2 Ra2+ 35. Kg3 a6 36. Ra7 Ra4 37. Nc6 Be6 38. Nd8 Bc4 39. Rb7 g5 40.
h4 gxh4+ 41. Kxh4 Ra3 42. Rc7 Bd5 43. Ra7 Rxe3 44. Rxa6 Rb3 45. Rd6 Rd3 46. Nc6
Bxc6 47. Rxc6 Rd4 48. b5 Rb4 49. b6 f5 50. Kg3 Rb5 1/2-1/2

[Event "EYg18, Budva YUG"]
[Site "?"]
[Date "2003.??.??"]
[Round "7"]
[White "Ahmatovic, M."]
[Black "Detelic, M."]
[Result "1-0"]
[WhiteElo "2030"]
[BlackElo "1920"]
[PlyCount "81"]
[EventDate "2003.??.??"]

1. c4 e6 2. Nc3 Nf6 3. g3 c5 4. e4 Nc6 5. Bg2 d6 6. Nge2 Nd4 7. d3 Be7 8. O-O
O-O 9. f4 a6 10. h3 Nd7 11. g4 Nb8 12. Be3 Nbc6 13. Qd2 Rb8 14. Ng3 b5 15. b3
Bd7 16. Nh5 a5 17. cxb5 Nxb5 18. Nxb5 Rxb5 19. f5 f6 20. Nf4 e5 21. Nd5 Re8 22.
h4 Bf8 23. g5 Nb4 24. Nc3 Rb7 25. Bf3 Bb5 26. Be2 Ba6 27. Rab1 Kh8 28. a3 Nc6
29. Nd5 Ne7 30. Nc3 Qb8 31. Bd1 Ng8 32. Kh2 Ree7 33. Rg1 Red7 34. Nd5 Qd8 35.
Rg3 Ne7 36. Nc3 Nc6 37. h5 Ne7 38. gxf6 gxf6 39. Qg2 Bxd3 40. Nd5 Bxe4 41. Nxe7
1-0